000
00242nam a2200097Ia 4500
005
20251222114413.0
008
251222s1900||||xx |||||||||||||| ||spa||
082
_a
DVD0120/S59.4/2000
245
0
_a
Symphony No.4 de Peter Tchaikovsky:
942
_c
DVD
999
_c
2097
_d
2097